| 000 | 00647nam a22001937a 4500 | ||
|---|---|---|---|
| 005 | 20251108165234.0 | ||
| 008 | 250721s1968 xx 000 0 ara d | ||
| 082 | 1 | 4 | _a956.94/اسع |
| 100 | 1 | _aرزوق، أسعد | |
| 245 | 1 | 0 |
_aإسرائيل الكبرى : _bدراسة في الفكر التوسعي الصهيوني / |
| 264 | 1 |
_aبيروت : _bمنظمة التحرير الفلسطينية - مركز الأبحاث، _c1968. |
|
| 300 | _a663ص : خرائط | ||
| 490 | 0 | _aكتب فلسطينية ؛ 13 | |
| 650 | 1 | 7 | _aالصهيونية |
| 650 | 1 | 7 | _aفلسطين |
| 650 | 1 | 7 | _aالتاريخ |
| 942 |
_2ddc _cBK |
||
| 999 |
_c22946 _d22946 |
||